000 00419nam a2200157Ia 4500
008 230312s9999||||xx |||||||||||||| ||und||
020 _a81-7029-891-1
082 _a005.133
_bKAN
100 _aYashavant Kanetkar
245 0 _aPointers In C
260 _bBPB
_aNew delhi
_c1997
300 _a310
546 _aEng.
650 _aComputer
_vPointers and arrays, pointers and strings, pointers and structure
942 _cBK
999 _c3137
_d3137